Dead Poets Society Trivia - Statistics

General Stats
  • This quiz has been taken 254 times
  • The average score is 13 of 17
Answer Stats
Hint Answer % Correct
What Latin Phrase does Mr Keating use as a means to motivate the boys Seize the day / Carpe Diem
92%
Which character dies and results in the termination of Mr Keating Neil Perry
90%
The actor who played John Keating Robin Williams
88%
Who is Neil's roomate Todd Anderson
88%
Charlie Dalton changes his name in the film to what Nuwanda
86%
What object do Meeks and Pitts secretly create throughout the movie A radio
85%
Where do the meetings of the Dead Poets Society take place A cave
84%
Mr Keating says the boys can refer to him as O Captain, my Captain
81%
Which role in the play does Neil get Puck
72%
What instrument does Dalton (Nuwanda) play during one of the meetings Saxophone
72%
Todd Anderson is forced to stand up in front of the class and sound his barbaric what YAWP
72%
Which character is the first to 'rat out' Mr Keating towards the end of the movie Richard Cameron
71%
Knox Overstreet shares a romantic interest with what character Chris
69%
The nickname the boys gave to the academy Hellton
67%
The name of the school where the movie takes place Welton Academy
62%
The real-life American Poet who is referred to throughout the movie Walt Whitman
56%
What is the name of the play that Neil Perry plays the main character in A Midsummer Nights Dream
51%
No matching quizzes found
Score Distribution
Percent of People with Each Score
Percentile by Number Answered
Your Score History
You have not taken this quiz